An introduction to statistical signal processing with applications

Na minha lista:
Detalhes bibliográficos
Main Authors: Srinath, M. D (Author), Rajasekaran, P. K (Author)
Formato: Livro
Idioma:inglês
Publicado em: Nueva York John Wiley 1979
Assuntos:
Tags: Adicionar Tag
Sem tags, seja o primeiro a adicionar uma tag!

MARC

LEADER 00000nam a2200000 a 4500
001 UCU5562
003 CL-VaPUC
008 960604e19790000US |||||||||||||||||eng|d
082 0 4 |a 621.382  |b SRI  |2 21 
100 0 |a Srinath, M. D  |e author  |9 363543 
700 0 |a Rajasekaran, P. K  |e author  |9 363544 
245 1 3 |a An introduction to statistical signal processing with applications 
300 |a 499 p 
942 |c BK 
945 |d 19960604 00:00:00  |a lriquelm 
260 |a Nueva York  |b John Wiley  |c 1979 
650 0 |a Canales de información  |9 362437 
650 0 |a Ondas de radio  |9 263255 
650 0 |a Redes de información  |9 230208 
650 0 |a Vectores  |9 317184 
650 0 |a Matrices   |9 22 
650 0 |a Procesos estocásticos   |9 260364 
650 0 |a Procesos de Markov  |9 270451 
583 |a last modification  |c 19960604 00:00:00  |k Rodrigo Vera 
999 |c 248855  |d 248853 
952 |0 0  |1 0  |4 0  |6 621_382000000000000_SRI_1979  |7 0  |8 A  |9 265752  |a BIBING  |b BIBING  |d 2019-11-19  |i 1674285  |o 621.382 SRI 1979  |p 1674285  |r 2025-01-20  |w 2019-11-19  |y BK  |k EIE